[Event "BL 2017-18"]
[Site "Germany"]
[Date "2018.03.11"]
[Round "12"]
[White "Bok, Benjamin"]
[Black "Moiseenko, Alexander"]
[Result "1/2-1/2"]
[WhiteElo "2613"]
[BlackElo "2660"]
[Annotator "TA"]
[PlyCount "76"]
[EventDate "2018.05.24"]
[EventType "team-tourn"]
[EventCountry "GER"]
[SourceTitle "playchess.com"]
[Source "ChessBase"]
[SourceQuality "1"]
[WhiteTeam "Solingen"]
[BlackTeam "Hockenheim"]

{[%evp 23,76,27,25,30,26,27,33,26,60,46,64,55,127,48,52,45,23,-4,-4,-5,-4,-9,-10,-16,-16,-16,-16,-23,-21,-12,-20,-31,0,0,0,0,0,0,0,0,0,0,0,0,0,0,0,0,0,0,0,0,0,0,0]} 1. d4 Nf6 2. c4 e6 3. g3 c5 4. Nf3 cxd4 5. Nxd4 d5 6. Bg2 e5 7. Nf3 d4 8. O-O Nc6 9. e3 Be7 10. exd4 exd4 11. Bf4 O-O 12. Ne5 Qb6 13. Re1 {[#] Black must now prevent Nxc6. E01: Catalan: Early deviations} Be6 14. Nd2 {[#]} Rad8 $146 ({Reject} 14... Qxb2 15. Rb1 $16) ({Predecessor:} 14... Rac8 15. a3 d3 16. b4 Nxe5 17. c5 Qa6 18. Bxe5 Ng4 19. Bc3 Bf6 20. Qc1 Rfd8 {½-½ (35) Dubov,D (2660)-Nepomniachtchi,I (2751) Sochi 2017}) 15. Qb3 {White is slightly better.} Qa6 16. Ndf3 d3 17. Rad1 Ng4 {[#]} (17... Nd7 $14) 18. Rxd3 ({White should play} 18. Nxc6 $1 $16 bxc6 19. h3 Bxc4 20. Qc3) 18... Rxd3 $14 19. Qxd3 Rd8 20. Qb3 Ncxe5 21. Nxe5 Qa5 22. Nf3 {And now h3 would win.} Bc5 23. Re2 Bxf2+ 24. Rxf2 {Strongly threatening Re2.} Qc5 25. Qc2 Bxc4 26. b4 Qb6 27. Bf1 Nxf2 ({Stronger than} 27... Bxf1 28. Bc7 $16) 28. Bxc4 {The position is equal.} Nd3+ 29. Kg2 Nxf4+ 30. gxf4 Qxb4 31. Kg3 g6 32. Bb3 Kg7 33. Qc7 $36 {[%mdl 2048] White fights for an advantage.} Rf8 34. Ng5 {aiming for Ne6+.} Qe1+ 35. Kg2 Qe2+ 36. Kg3 Qe1+ 37. Kg2 Qe2+ 38. Kg3 Qe1+ {Precision: White = 71%, Black = 78%.} 1/2-1/2

[Event "BL 2017-18"]
[Site "Germany"]
[Date "2018.03.11"]
[Round "12"]
[White "Bartel, Mateusz"]
[Black "Zysk, Robert"]
[Result "1-0"]
[WhiteElo "2609"]
[BlackElo "2428"]
[Annotator "TA"]
[PlyCount "89"]
[EventDate "2018.05.24"]
[EventType "team-tourn"]
[EventCountry "GER"]
[SourceTitle "playchess.com"]
[Source "ChessBase"]
[SourceQuality "1"]
[WhiteTeam "Dresden"]
[BlackTeam "Zugzwang Muenchen"]

{[%evp 9,89,13,38,37,39,40,38,25,43,40,48,47,54,43,52,22,18,21,4,16,18,13,21,5,26,-2,4,0,0,0,0,-24,-14,-37,-37,-35,-37,-35,0,0,0,-24,-19,-31,35,53,58,43,54,61,78,50,89,33,41,33,62,20,20,0,97,95,97,46,68,20,37,18,43,16,18,64,47,0,109,0,47,0,37,0,916,902]} 1. d4 e6 2. Bf4 Nf6 3. e3 b6 4. Qf3 (4. Nf3 Bb7 5. h3 Be7 6. Nbd2 O-O 7. Bd3 c5 8. O-O cxd4 9. exd4 d6 10. a4 a6 11. c4 Nc6 12. Qb3 d5 13. c5 Nd7 14. Rfc1 a5 15. cxb6 Nxb6 {0-1 (36) Naiditsch,A (2705)-Ponomariov,R (2694) Riadh 2017}) 4... Nc6 5. Nc3 Bb4 $146 ({Predecessor:} 5... Bb7 6. Bd3 Rb8 7. Qh3 h6 8. a3 a6 9. Nf3 Be7 10. Ne5 b5 11. O-O d6 12. Nxc6 Bxc6 {½-½ (49) Redzepovic,S-Obadovic,Z Montenegro 2013}) 6. Nge2 {A45: Trompowsky Attack} Nd5 7. a3 Bxc3+ 8. Nxc3 {White is slightly better.} Nxf4 9. Qxf4 Bb7 10. O-O-O Ne7 11. e4 O-O 12. h4 f5 13. e5 a6 14. h5 b5 15. Rg1 Rf7 16. Rd3 Qf8 17. Rh3 Rc8 18. Qd2 Nd5 19. Nxd5 Bxd5 20. Qa5 c6 21. Bd3 d6 22. f4 ({Don't blunder} 22. Qxa6 $2 Qd8 $19) 22... dxe5 23. dxe5 c5 {next ...c4 is good for Black.} 24. Rd1 Bxg2 25. Rg3 Bd5 26. Bf1 c4 (26... Qe7 $15 27. Bg2 Qb7 28. Bxd5 exd5) 27. Bg2 $14 Bxg2 28. Rxg2 Qc5 29. Qxa6 Re8 30. h6 {Rxg7+ is the strong threat.} g6 31. Qd6 (31. Rgd2 $16) 31... Qe3+ 32. Qd2 Qc5 33. Qc3 Qf8 34. Qh3 c3 (34... b4 $1 $11) 35. Qxc3 $16 Qxh6 36. Qb4 (36. Qf3 $16) 36... Rc8 37. Rgd2 Rc4 38. Qxb5 Qxf4 39. Kb1 Rcc7 40. Qe8+ Kg7 $1 41. Rd8 {[#] And now Rh1 would win.} Qh2 (41... Qh4 $1 $11 {keeps the balance.}) 42. Qh8+ $40 {[%mdl 128] Black needs to defend precisely.} ({Better is} 42. Rc1 $16 f4 43. Qg8+ (43. Qxe6 f3 $11) 43... Kh6 44. Rf8) 42... Kh6 $14 43. R8d2 Qh4 44. Qa8 Qe4 $2 {[%mdl 8192] [#]} (44... Rb7 $11) 45. Rh1+ {Precision: White = 45%, Black = 47%.} 1-0

[Event "BL 2017-18"]
[Site "Germany"]
[Date "2018.03.11"]
[Round "12"]
[White "Miton, Kamil"]
[Black "Krasenkow, Michal"]
[Result "1/2-1/2"]
[WhiteElo "2606"]
[BlackElo "2644"]
[Annotator "TA"]
[PlyCount "116"]
[EventDate "2018.05.24"]
[EventType "team-tourn"]
[EventCountry "GER"]
[SourceTitle "playchess.com"]
[Source "ChessBase"]
[SourceQuality "1"]
[WhiteTeam "Hamburg SK"]
[BlackTeam "SF Deizisau"]

{[%evp 15,116,4,18,3,26,27,21,14,23,22,24,21,24,10,11,-5,-7,-12,-1,-10,0,0,0,0,0,-18,-20,-21,-13,-13,-16,-14,-13,-16,-18,-17,-14,-20,-15,-16,-16,-16,-16,-17,-16,-18,-14,-18,-12,-6,-12,-24,-18,-25,-24,-23,-15,-26,-27,-26,-14,-22,-14,-38,-40,-44,-36,-56,-43,-48,-48,-79,-8,-8,0,-3,0,0,0,0,0,-8,0,-10,-10,-10,0,0,0,0,0,0,0,0,0,0,0,0,0,0,0,0,0]} 1. d4 Nf6 2. c4 g6 3. g3 c6 4. Bg2 d5 5. Qa4 Bg7 6. cxd5 Nxd5 7. Nf3 O-O 8. O-O Bg4 {LiveBook: 5 Games. A11: English Opening: 1...c6} (8... Bf5 9. Nbd2 Nb6 10. Qa5 Qd5 11. Qa3 Qd6 12. b3 Na6 13. e4 Bd7 14. Bb2 Rfe8 15. Rad1 Rad8 16. Qa5 {½-½ (47) Grischuk,A (2761)-Vachier Lagrave,M (2796) Paris 2017}) 9. Nbd2 Qc8 10. e4 Nc7 $146 {White has an edge.} ({Predecessor:} 10... Nb6 11. Qa3 Re8 12. b4 N8d7 13. Qb3 Be6 14. Qd3 h6 15. a4 a5 16. Bb2 {½-½ (41) Vaganian,R (2570)-Bagirov,V (2495) Lvov (Ukraine) 1978}) 11. Nb3 Nd7 12. Be3 Nb6 13. Qb4 f5 14. Ne5 fxe4 15. Nxg4 {[#] And now Nh6+ would win.} Ncd5 16. Qc5 {Threatens to win with h3.} Qxg4 17. Rae1 e5 18. dxe5 Nd7 {[%cal Bb6d7,Bd7e5,Be5c4][%mdl 32]} 19. Qc2 Nxe5 {[#] aiming for ...Nf3+.} 20. Qxe4 Qxe4 21. Bxe4 Nxe3 22. Rxe3 Nc4 23. Re2 $1 Rae8 24. Nc5 b6 25. Nd3 Nd6 26. Rfe1 Rxe4 27. Rxe4 Nxe4 28. Rxe4 $11 {[%mdl 4096] Endgame KRB-KRN} Rd8 29. Re3 c5 30. b3 Rd4 31. Kf1 c4 32. bxc4 Rxc4 33. Ke1 Rc3 34. Kd2 Ra3 35. Nc1 Ra5 36. Re8+ Kf7 37. Rc8 Be5 38. Rc6 Ke7 39. Rc4 Ra3 40. Rc6 Kd7 41. Rc4 h5 42. Ke2 g5 43. Kd2 h4 (43... a5 $17) 44. gxh4 {The position is equal.} Bf4+ 45. Kc2 Bxc1 (45... Rh3 {is more complex.} 46. hxg5 Bxg5 47. Rg4 Bf6 48. Rg2 Ke6) 46. Kxc1 gxh4 47. Rxh4 Rxa2 {KR-KR} 48. Kb1 Ra5 49. Rf4 Rb5+ 50. Kc2 a5 51. h4 Re5 52. Rf6 Kc7 53. Kc3 Rh5 54. Rf4 b5 55. Rg4 Rc5+ 56. Kb3 Kd6 57. Rg6+ Ke7 58. Rg5 Rxg5 {Precision: White = 58%, Black = 56%.} 1/2-1/2

[Event "BL 2017-18"]
[Site "Germany"]
[Date "2018.03.11"]
[Round "12"]
[White "Buhmann, Rainer"]
[Black "Andersen, Mads"]
[Result "1/2-1/2"]
[WhiteElo "2597"]
[BlackElo "2606"]
[Annotator "TA"]
[PlyCount "73"]
[EventDate "2018.05.24"]
[EventType "team-tourn"]
[EventCountry "GER"]
[SourceTitle "playchess.com"]
[Source "ChessBase"]
[SourceQuality "1"]
[WhiteTeam "Hockenheim"]
[BlackTeam "Solingen"]

{[%evp 19,73,14,21,17,12,16,8,0,0,0,35,34,60,59,60,10,33,3,3,3,7,0,0,-10,0,-31,0,-10,-14,-10,-4,-8,-10,-13,0,-10,0,0,0,-42,0,0,0,-18,-20,-8,0,0,0,0,0,-10,0,0,0,0]} 1. d4 Nf6 2. c4 g6 3. Nc3 Bg7 4. e4 {[%cal Be2e4,Be4e5][%mdl 32]} d6 5. Be2 O-O 6. Be3 c5 7. dxc5 {E73: King's Indian: Averbakh Variation without 6...c5} Qa5 8. f3 (8. Bd2 dxc5 9. e5 Ne8 10. f4 f6 11. Nd5 Qd8 12. Be3 Na6 13. Nf3 Bg4 14. Qb3 e6 15. Nc3 fxe5 16. fxe5 Bxf3 17. Bxf3 Bxe5 18. Qxb7 {½-½ (33) Iturrizaga Bonelli,E (2671)-Jones,G (2671) Dubai 2017}) 8... dxc5 9. e5 Nfd7 10. f4 Nc6 {LiveBook: 3 Games} 11. Nf3 f6 {[%cal Rf6e5]} 12. O-O $146 ({Predecessor:} 12. exf6 Nxf6 13. O-O Bf5 14. Ne5 Rad8 15. Nxc6 bxc6 {½-½ (40) Burnett,A (2162)-Bogdanov,E (2348) Lvov 2017}) 12... fxe5 13. fxe5 Ndxe5 14. Qd5+ e6 15. Qxc5 Ng4 16. Qxa5 Nxa5 17. Bd2 (17. Bg5 {feels hotter.} Nh6 18. Rad1 Nf7 19. Bd2 b6 20. c5) 17... b6 18. h3 Nh6 {[%cal Bg4h6,Bh6f5,Bf5d4][%mdl 32]} 19. Rad1 Nf5 20. Rfe1 Bb7 21. c5 Nd4 22. cxb6 axb6 23. Ng5 {[%cal Bf3g5,Bg5e4,Be4f2][%mdl 32]} h6 24. Nge4 Nxe2+ 25. Rxe2 Rad8 26. Nf2 Nc4 27. Be1 Kf7 28. b3 {[#] Rxd8 is the strong threat.} Nd6 29. Ng4 Nf5 30. Ne5+ {The position is equal.} Bxe5 31. Rxe5 Rxd1 32. Nxd1 Rd8 33. Nc3 Bc6 34. Re2 Rd3 35. Kf2 Nd4 36. Rd2 ({Don't play} 36. Re3 Rxe3 37. Kxe3 Nc2+ 38. Kf2 Nxe1 $17) 36... Rxc3 37. Rxd4 {Precision: White = 48%, Black = 54%.} 1/2-1/2

[Event "BL 2017-18"]
[Site "Germany"]
[Date "2018.03.11"]
[Round "12"]
[White "Dautov, Rustem"]
[Black "Rogozenco, Dorian"]
[Result "1/2-1/2"]
[WhiteElo "2596"]
[BlackElo "2477"]
[Annotator "TA"]
[PlyCount "61"]
[EventDate "2018.05.24"]
[EventType "team-tourn"]
[EventCountry "GER"]
[SourceTitle "playchess.com"]
[Source "ChessBase"]
[SourceQuality "1"]
[WhiteTeam "SF Deizisau"]
[BlackTeam "Hamburg SK"]

{[%evp 15,61,28,14,14,13,12,11,11,31,33,41,42,45,0,17,14,22,22,34,0,0,0,13,0,19,3,14,12,19,9,14,0,0,0,0,0,0,0,0,0,0,0,0,0,0,0,0,0]} 1. d4 d5 2. c4 c6 3. Nc3 Nf6 4. e3 a6 5. Bd2 Bf5 6. Qb3 {D10: Slav Defence: 3 cxd5 (without early Nf3) and 3 Nc3} Ra7 7. Nf3 e6 8. Nh4 Be4 {LiveBook: 19 Games} 9. Nxe4 $146 ({Predecessor:} 9. cxd5 cxd5 10. f3 Bg6 11. Nxg6 hxg6 12. O-O-O Be7 13. Kb1 O-O {1-0 (51) Sjugirov,S (2650)-Malakhov,V (2686) St Petersburg 2017}) 9... Nxe4 10. Nf3 Nxd2 11. Nxd2 dxc4 12. Bxc4 c5 13. dxc5 Bxc5 14. Rd1 O-O 15. O-O {aiming for Bxe6!} Be7 16. Nf3 Qc7 17. Bd3 b5 {The position is equal.} 18. Rc1 Qa5 19. Qc2 h6 20. a3 Qb6 21. Rfd1 Bf6 22. b4 a5 23. Qc5 Qxc5 24. Rxc5 axb4 25. axb4 Rd8 {[#] And now ...Rxd3! would win.} 26. Kf1 Rb7 27. Ke2 Na6 28. Rxb5 Rxb5 29. Bxb5 Rxd1 30. Kxd1 Nxb4 31. Ke2 {Precision: White = 55%, Black = 53%.} 1/2-1/2

[Event "BL 2017-18"]
[Site "Germany"]
[Date "2018.03.11"]
[Round "12"]
[White "Nikolic, Predrag"]
[Black "Banusz, Tamas"]
[Result "1/2-1/2"]
[WhiteElo "2591"]
[BlackElo "2640"]
[Annotator "TA"]
[PlyCount "163"]
[EventDate "2018.05.24"]
[EventType "team-tourn"]
[EventCountry "GER"]
[SourceTitle "playchess.com"]
[Source "ChessBase"]
[SourceQuality "1"]
[WhiteTeam "Solingen"]
[BlackTeam "Hockenheim"]

{[%evp 21,163,16,24,-29,-25,-48,-34,-27,-28,-42,-34,-81,-78,-56,-66,-75,-53,-67,-61,-85,-78,-100,-46,-90,-107,-125,-112,-139,-115,-148,-150,-184,-183,-205,-203,-200,-203,-204,-110,-166,-163,-166,-156,-199,-200,-196,-198,-202,-193,-203,-197,-197,-193,-202,-197,-197,-193,-197,-154,-155,-162,-162,-143,-148,-148,-158,-146,-146,-145,-170,-181,-158,-157,-189,-172,-255,-260,-291,-287,-264,-252,-203,-196,-293,-293,-288,-256,-285,-265,-282,-198,-272,-280,-271,-269,-285,-283,-315,-314,-288,-292,-345,-330,-305,-302,-301,-294,-281,-289,-275,-269,-271,-282,-266,-208,-305,-300,-340,-257,-248,-41,-41,-36,-36,-36,-41,-41,-41,-37,-37,-44,-110,-110,-110,-110,-110,-110,-110,-110,-110,-8,-110,0,-110]} 1. d4 Nf6 2. c4 e6 3. Nf3 d5 4. Nc3 Nbd7 5. Bg5 c6 6. e3 h6 7. Bh4 g5 {D51: Queen's Gambit Declined: 4 Bg5 Nbd7 sidelines} (7... Be7 8. Qc2 O-O 9. O-O-O dxc4 10. g4 b5 11. Rg1 Nd5 12. Bxe7 Qxe7 13. g5 h5 14. g6 f5 15. Ne5 Nxc3 16. Qxc3 Nf6 17. e4 {1-0 (29) Morozevich,A (2675)-Ponomariov,R (2699) Biel 2017}) 8. Bg3 Nh5 9. cxd5 Nxg3 10. hxg3 exd5 11. Qc2 Bg7 {LiveBook: 3 Games} 12. e4 $146 (12. Bd3 $142) ({Find the theoretical novelty and annotate with similar games:} 12. Bd3 a5 13. O-O-O Nb6 14. Ne5 Bxe5 15. dxe5 {0-1 (59) Brunner,N (2442)-Libiszewski,F (2533) Drancy 2016}) 12... dxe4 $11 13. Qxe4+ Qe7 14. Bc4 g4 15. Nh4 Nb6 16. Be2 Qxe4 17. Nxe4 Ke7 18. O-O-O Rd8 19. f3 h5 $36 {[%mdl 2048] Black has the initiative.} 20. fxg4 hxg4 21. Bd3 Rxd4 (21... Bxd4 $17 22. Rhe1 Kf8) 22. Rhe1 Kf8 23. Nc3 Bd7 24. Rf1 Kg8 25. Nf5 Bxf5 $1 26. Bxf5 Rc4 27. Kb1 Bxc3 28. bxc3 Nd5 29. Rde1 Rxc3 {[#]} (29... Rd8 $19 30. Kb2 Rxc3 31. Bxg4 Rxg3) 30. Bxg4 (30. Be6 $1 $17 {[%mdl 512]} fxe6 31. Re5) 30... Rxg3 $19 31. Bf3 Kf8 $1 32. Rh1 Nf6 33. Rh4 Rd8 34. Re5 Kg7 35. Kc2 Rd7 36. a4 Nh7 37. a5 Ng5 38. Rg4 Rxg4 39. Bxg4 {[%mdl 4096] Endgame KRB-KRN} Rd5 40. Re7 Rxa5 {...Ra2+ is the strong threat.} 41. Rxb7 Ra2+ 42. Kb3 Rxg2 43. Bc8 Nf3 44. Rxa7 Ne5 45. Ra5 Kf6 46. Ra1 Ke7 47. Kb4 Kd6 48. Rd1+ (48. Kc3 {was called for.}) 48... Kc7 49. Bf5 {[#]} Rf2 $1 {[%cal Rf2f5]} 50. Bh7 Rf3 51. Re1 f6 52. Be4 (52. Rd1 $142) 52... Rf4 53. Kc3 Kd6 54. Bh7 Rf3+ 55. Kc2 Kc5 56. Re4 {[#]} (56. Rh1 $142) 56... Kd5 $1 57. Ra4 {intending Be4+.} f5 58. Kd2 Ke6 59. Ke2 Rh3 60. Bg8+ Kf6 61. Kf2 Rh8 62. Ba2 Rh2+ 63. Ke3 Rh3+ 64. Ke2 Rc3 65. Kd2 Rg3 66. Ke2 Rg4 67. Ra8 Kg5 68. Be6 (68. Bb1 $142) 68... Re4+ 69. Kf1 Nf3 70. Bd7 Nd4 $2 ({Black should play} 70... c5 $19 {aiming for ...Ne5.} 71. Bc6 Nd2+ 72. Kf2 Rd4) 71. Rc8 $15 Kf4 72. Bxc6 Re3 73. Bd5 Rd3 74. Ba8 Ra3 (74... Nf3 {NOTEXT} 75. Rc5 Nh2+ 76. Kg2 Rd2+ 77. Kg1 Ng4) 75. Bd5 Nf3 (75... Ra5 {NOTEXT} 76. Bb7 Ra1+ 77. Kf2 Ra2+ 78. Kf1 Ra4) 76. Bxf3 (76. Rc2 $15) 76... Kxf3 {KR-KR} 77. Kg1 f4 78. Rb8 Re3 79. Rf8 Re1+ 80. Kh2 Ra1 (80... Re7 $17 {Hoping for ...Re6.} 81. Rf6 Rh7+ 82. Kg1 Rc7) 81. Rb8 (81. Rc8 $1 $11) 81... Ra3 82. Kg1 {Precision: White = 43%, Black = 72%.} 1/2-1/2

[Event "BL 2017-18"]
[Site "Germany"]
[Date "2018.03.11"]
[Round "12"]
[White "Hracek, Zbynek"]
[Black "Wojtaszek, Radoslaw"]
[Result "1/2-1/2"]
[WhiteElo "2589"]
[BlackElo "2738"]
[Annotator "TA"]
[PlyCount "42"]
[EventDate "2018.05.24"]
[EventType "team-tourn"]
[EventCountry "GER"]
[SourceTitle "playchess.com"]
[Source "ChessBase"]
[SourceQuality "1"]
[WhiteTeam "Werder Bremen"]
[BlackTeam "Baden-Baden"]

{[%evp 19,42,0,18,0,18,16,16,18,15,14,15,17,18,18,24,23,21,21,18,16,24,-9,20,23,106]} 1. d4 Nf6 2. c4 e6 3. Nf3 d5 4. Nc3 Bb4 5. Qb3 c5 6. dxc5 Na6 {D38: Queen's Gambit Declined: Ragozin Defence (4 Nf3 Bb4)} 7. a3 Bxc3+ 8. Qxc3 Nxc5 9. cxd5 Qxd5 10. Be3 Nce4 {LiveBook: 21 Games} 11. Qe5 Qxe5 12. Nxe5 {next f3 is good for White.} Nd5 13. Bc1 Bd7 14. f3 {[#]} Nc5 $146 15. e4 Nb3 16. Rb1 $36 {[%mdl 2048] White has some pressure.} Nb6 17. Be3 Rc8 18. Nxd7 Kxd7 19. Be2 Ke7 20. Kf2 Rhd8 21. Rhd1 Rh8 (21... Rc2 $11) 1/2-1/2

[Event "BL 2017-18"]
[Site "Germany"]
[Date "2018.03.11"]
[Round "12"]
[White "Donchenko, Alexander"]
[Black "Zude, Arno"]
[Result "1-0"]
[WhiteElo "2583"]
[BlackElo "2373"]
[Annotator "TA"]
[PlyCount "39"]
[EventDate "2018.05.24"]
[EventType "team-tourn"]
[EventCountry "GER"]
[SourceTitle "playchess.com"]
[Source "ChessBase"]
[SourceQuality "1"]
[WhiteTeam "Aachen"]
[BlackTeam "SV Hofheim"]

{[%evp 17,39,14,25,0,56,40,48,44,64,70,65,63,67,42,70,54,51,22,12,2,233,237,212,230]} 1. Nf3 d5 2. g3 c6 3. Bg2 Bg4 4. c4 e6 5. h3 Bh5 6. O-O {A11: English Opening: 1...c6} Nd7 7. cxd5 cxd5 8. Nc3 Ngf6 9. d3 Bc5 {LiveBook: 4 Games} 10. e4 Nb6 $146 (10... d4 $11 11. Ne2 Bxf3 12. Bxf3 Qb6) ({Predecessor:} 10... dxe4 11. dxe4 O-O 12. Qe2 Bxf3 13. Bxf3 Ne5 14. Rd1 Qb6 15. Bg2 Bd4 16. Bd2 {0-1 (40) Wagner,D (2564)-Nakamura,H (2781) Douglas 2017}) 11. g4 $14 Bg6 {[%cal Rd5e4]} 12. Ne5 dxe4 13. dxe4 Nfd7 14. Nd3 Be7 15. f4 {[%cal Bf2f4,Bf4e5][%mdl 32]} f6 16. Be3 $36 {[%mdl 2048] White fights for an advantage.} O-O 17. Qb3 {[#] f5 is the strong threat.} Bf7 18. e5 Nxe5 $2 (18... fxe5 $1 $11 19. fxe5 (19. Bxb7 Rb8 $17) 19... Rc8) 19. fxe5 $18 {Black must now prevent Rad1.} Qxd3 20. Nd5 $1 1-0

[Event "BL 2017-18"]
[Site "Germany"]
[Date "2018.03.11"]
[Round "12"]
[White "Tregubov, Pavel V"]
[Black "Meskovs, Nikita"]
[Result "1/2-1/2"]
[WhiteElo "2579"]
[BlackElo "2546"]
[Annotator "TA"]
[PlyCount "101"]
[EventDate "2018.05.24"]
[EventType "team-tourn"]
[EventCountry "GER"]
[SourceTitle "playchess.com"]
[Source "ChessBase"]
[SourceQuality "1"]
[WhiteTeam "Muelheim"]
[BlackTeam "Speyer"]

{[%evp 22,101,12,8,25,3,47,45,50,58,143,156,318,55,60,37,37,37,45,27,40,50,46,41,27,27,28,10,14,0,0,0,0,0,0,0,0,0,0,0,0,0,0,0,91,79,87,87,86,54,64,53,82,81,114,110,95,90,83,41,56,13,16,8,8,8,8,8,8,8,8,8,8,8,8,8,8,0,8,0,8,0]} 1. d4 Nf6 2. c4 e6 3. Nc3 Bb4 4. e3 c5 5. Bd3 Nc6 6. Nge2 {[%cal Bg1e2,Be2f4,Bf4d5,Bd5e7][%mdl 32]} cxd4 7. exd4 d5 8. cxd5 Nxd5 9. O-O O-O 10. Nxd5 exd5 {E48: Nimzo-Indian: Rubinstein: 5 Bd3 d5 including 6 Ne2, but excluding 6 a3} 11. Nf4 g6 (11... Bd6 12. Re1 Qf6 13. Nxd5 Qxd4 14. Be3 Qg4 15. h3 Qxd1 16. Raxd1 Be6 17. Be4 Rad8 18. a3 Bb8 19. f4 Rfe8 20. Kf2 Bxh3 21. Bxh7+ Kxh7 22. Rh1 f5 23. Rxh3+ Kg6 24. Rhh1 Kf7 25. Kf3 {½-½ (25) Le,Q (2712)-Wei,Y (2725) Ho Chi Minh City 2017}) 12. Be3 {LiveBook: 5 Games} Ba5 $146 {[%cal Bb4a5,Ba5b6,Bb6d4][%mdl 32]} ({Find the theoretical novelty and annotate with similar games:} 12... Bd6 13. Re1 Nb4 14. Bb1 Qf6 15. Qf3 Bxf4 16. Bxf4 Nc6 17. Qg3 Qxd4 18. Bc2 Qxb2 {0-1 (77) Kazhgaleyev,M (2570)-Ghaem Maghami,E (2560) Ashkhabad 2017}) 13. Qf3 Bb6 14. Nxd5 Nxd4 15. Qe4 Bf5 (15... Nf5 $14) 16. Ne7+ $16 Kh8 $2 (16... Kg7 $16 17. Bxd4+ (17. Nxf5+ Nxf5 18. Bd2 Re8 $14) 17... Qxd4 18. Nxf5+ gxf5 19. Qxf5 Rfe8) 17. Bxd4+ $2 ({Not} 17. Nxf5 Nxf5 18. Bd2 Bd4 $14) ({Only move:} 17. Qh4 $1 $18 {[%cal Rh4f6]} f6 18. Nxg6+ Bxg6 19. Bxg6) 17... Qxd4 $14 18. Qxd4+ Bxd4 19. Bxf5 Rae8 20. Rad1 Bxb2 21. Rd7 {aiming for Bc2.} Ba3 22. Nd5 {Black must now prevent Bh3.} gxf5 23. Rxb7 Bc5 24. Nf6 Rb8 25. Rxb8 (25. Rd7 {NOTEXT} Rbd8 26. Rfd1 Rxd7 27. Rxd7 Kg7 28. Nh5+) 25... Rxb8 $11 {[%mdl 4096] Endgame KRB-KRN} 26. Nd7 Rc8 {next ...Bd4 is good for Black.} 27. g3 Bd4 28. Rd1 Rc4 29. Rd2 Kg7 30. Kg2 f6 31. Nb8 Kf7 {[#]} 32. Nc6 $1 {[%mdl 512]} Bb6 {[#]} (32... Bc3 $11 {remains equal.} 33. Rd6 a5) (32... Rxc6 33. Rxd4) 33. Nxa7 $1 $16 {[%mdl 512]} Kg6 {[#]} (33... Bxa7 34. Rd7+) 34. Nb5 $1 Bc5 35. Kf3 h5 36. h4 Rc1 37. a4 Ra1 {[#]} 38. Rc2 $1 {[%cal Rc2c5]} Bb6 39. Rc6 Ba5 40. Ra6 Rxa4 41. Ra7 (41. Kg2 {NOTEXT} Ra1 42. Nc7 f4 43. Nd5 fxg3 44. Rxf6+ Kg7 45. fxg3 Ra2+ 46. Kh3) 41... Ra1 {The position is equal.} 42. Ra8 Bc3 43. Rxa1 Bxa1 $11 {KB-KN} 44. Ke3 Bb2 45. f4 {Strongly threatening Kd2.} Kf7 46. Kd2 {Kc2 is the strong threat.} Ke6 47. Kc2 Ba1 48. Kb1 Be5 49. Kc2 Ba1 50. Kb1 Be5 51. Kc2 {Precision: White = 51%, Black = 55%.} 1/2-1/2

[Event "BL 2017-18"]
[Site "Germany"]
[Date "2018.03.11"]
[Round "12"]
[White "Mista, Aleksander"]
[Black "Studer, Noel"]
[Result "0-1"]
[WhiteElo "2575"]
[BlackElo "2481"]
[Annotator "TA"]
[PlyCount "112"]
[EventDate "2018.05.24"]
[EventType "team-tourn"]
[EventCountry "GER"]
[SourceTitle "playchess.com"]
[Source "ChessBase"]
[SourceQuality "1"]
[WhiteTeam "SFR Berlin"]
[BlackTeam "Bayern Muenchen"]

{[%evp 20,112,18,19,12,9,9,8,17,5,39,33,33,33,33,33,31,30,43,7,17,0,0,-11,-14,-24,8,-24,5,8,10,0,0,0,0,0,0,-60,-55,-118,-118,-157,-143,-148,-147,-264,-235,-264,-257,-256,-264,-271,-264,-264,-259,-259,-256,-264,-256,-339,-124,-124,-124,-133,-133,-133,-133,-133,-133,-133,-133,-132,-125,-132,-125,-140,-139,-160,-139,-406,-332,-428,-422,-423,-413,-426,-425,-403,-399,-377,-370,-29971,-29972,-29983,-29984]} 1. e4 e6 2. d4 d5 3. Nd2 c5 4. exd5 Qxd5 5. Ngf3 cxd4 6. Bc4 Qd7 {C07: French Tarrasch: 3...c5, 4 Ngf3 and 4 exd5 Qxd5} 7. O-O Nc6 8. Nb3 a6 9. Nbxd4 Nxd4 10. Nxd4 Qc7 11. Bb3 {LiveBook: 35 Games} (11. Bd3 Nf6 12. Re1 Bd6 13. h3 O-O 14. Bg5 Be5 15. c3 h6 16. Nf3 Bxc3 {1-0 (51) Mamedov,R (2709)-Le,Q (2737) Huaian 2017}) 11... Bd6 12. Re1 Ne7 13. Qh5 O-O 14. c3 Qc5 $146 (14... Ng6 {is interesting.} 15. Be3 b5 16. Rad1 Bb7 17. a3 Rad8) 15. Qxc5 Bxc5 16. Be3 {And now Nxe6 would win.} b6 17. Rad1 Ng6 18. Nc2 a5 19. a4 Ba6 20. Ba2 Rfd8 21. b4 Bxe3 22. Nxe3 Ne5 {White should prevent ...Nd3.} 23. Rxd8+ Rxd8 24. f4 Rd2 25. fxe5 Rxa2 $11 {[%mdl 4096] Endgame KRB-KRN} 26. Rd1 {[%cal Rd1d8]} h5 27. b5 Bb7 28. Kf1 ({Better is} 28. Rd6 $11) 28... Rxa4 $15 29. Rd8+ ({White should play} 29. c4 $15) 29... Kh7 $17 30. Rb8 Be4 31. Rxb6 Ra3 32. Nd1 {[#]} (32. Kf2 $17 {is a better defense.}) 32... Ra2 $1 $19 33. Ke1 Bd3 ({Don't do} 33... Rxg2 34. Nf2 $17) 34. Ne3 a4 {[%cal Ba5a4,Ba4a3,Ba3a2][%mdl 32]} 35. c4 a3 ({Resist} 35... Re2+ 36. Kd1 $17) 36. Ra6 Re2+ 37. Kd1 a2 38. Ra3 {If only White now had time for b6....} Rf2 39. Kc1 Be4 $2 (39... Re2 $2 40. Kd1 $19) (39... Kg6 $19 40. c5 Re2) 40. c5 $17 Re2 {White must now prevent ...Rxe3!} 41. c6 Rxe3 42. Rxa2 {KRB-KR} Rc3+ 43. Kd2 {[#]} Rc5 $1 {[%cal Rc5b5]} 44. Ke3 Bd5 45. Rb2 Kg6 46. Kd4 Rc4+ 47. Kd3 {Hoping for b6.} Rc1 48. g3 Kf5 49. Rf2+ $2 {[%mdl 8192]} (49. b6 $17 Bxc6 50. b7 Bxb7 51. Rxb7) 49... Kxe5 $19 {aiming for ...Be4+.} 50. Rxf7 Rc5 51. c7 Bc4+ 52. Ke3 Bxb5 53. Rxg7 {Rg5+ is the strong threat.} Kd6 54. Rg5 {Strongly threatening Rxc5.} Bd7 ({Don't play} 54... e5 55. Rxh5 Rxc7 56. Kd2 $19) 55. Rxc5 $2 (55. Rg6 $19) 55... Kxc5 56. h4 e5 {Precision: White = 43%, Black = 83%.} 0-1